00485nam a2200193 a 4500001001300000003000900013005001700022008004100039020001000080082001500090100002200105245003200127260003200159300000800191500003500199505001500234650002000249700002200269nice12345678IN_TiNIC20260116013030.0050524s1977 u.ka grp 000 0 eng  ac10000a299.6bOPE aOpen University,  aAspects of African Religion aU.K.bOpen Universityc1977 a55p aincludes index and biblioraphy2 aAppendices aReligion-Africa1 aOpen University,